000 00409nam a22001817a 4500
005 20251108174812.0
008 250721s9999 xx 000 0 eng d
020 _a8872807158
082 1 4 _a913.565/SAY
245 1 0 _abiblical jordan /
264 _bplurigraf,
300 _a47P.
650 1 7 _aANTIQUITIES
650 1 7 _aJORDAN
650 1 7 _aHISTORY GEOGRAPHY
942 _2ddc
_cBK
999 _c118431
_d118431